| LEADER | 01231nam a2200193 4500 | ||
|---|---|---|---|
| 082 | |a 320 |b T400F | ||
| 100 | |a Toffler, Alvin | ||
| 245 | |a Tạo dựng một nền văn minh mới chính trị của làn sóng thứ ba |c Alvin Toffler, Heidi Toffler; Chu Tiến Ánh dịch |b Sách tham khảo | ||
| 260 | |a H. |b Chính trị Quốc gia |c 1996 | ||
| 300 | |a 238 tr. |c 19 cm. |b | ||
| 520 | |a v.v... | ||
| 653 | |a Chính trị | ||
| 942 | |2 ddc |c STK0 | ||
| 999 | |c 9078 |d 9078 | ||
| 952 | |0 0 |1 0 |2 ddc |4 0 |6 320_000000000000000_T400F |7 0 |8 300 |9 74050 |a qbu |b qbu |c D2 |d 2015-05-05 |g 19500 |o 320 T400F |p 8629.c1 |r 0000-00-00 |w 2015-05-05 |y STK0 | ||
| 952 | |0 0 |1 0 |2 ddc |4 0 |6 320_000000000000000_T400F |7 0 |8 300 |9 74051 |a qbu |b qbu |c D2 |d 2015-05-05 |g 19500 |l 1 |m 1 |o 320 T400F |p 8629.c2 |r 2019-03-12 |s 2019-03-01 |w 2015-05-05 |y STK0 | ||
| 952 | |0 0 |1 0 |2 ddc |4 0 |6 320_000000000000000_T400F |7 0 |8 300 |9 74052 |a qbu |b qbu |c D2 |d 2015-05-05 |g 19500 |o 320 T400F |p 8629.c3 |r 0000-00-00 |w 2015-05-05 |y STK0 | ||
| 952 | |0 0 |1 0 |2 ddc |4 0 |6 320_000000000000000_T400F |7 0 |8 300 |9 93925 |a qbu |b qbu |c D2 |d 2015-09-14 |g 19500 |o 320 T400F |p 8629.c4 |r 0000-00-00 |w 2015-09-15 |y STK0 | ||
| 952 | |0 0 |1 0 |2 ddc |4 0 |6 320_000000000000000_T400F |7 0 |8 300 |9 93926 |a qbu |b qbu |c D2 |d 2015-09-14 |g 19500 |o 320 T400F |p 8629.c5 |r 0000-00-00 |w 2015-09-15 |y STK0 | ||